LEADER 00890nam a2200217 i 4500 001 000000145889 003 CaOOAMICUS 005 20051210000000.0 008 051210s1927 it u000 u fre u 013 $a121281 040 $aSeMil$bita 100 1 $aAbel, Félix Marie,$c.$0(OLS)http://semarc/name/7483 245 10$aGrammaire du grec biblique :$bsuivie d'un choix de papyrus /$cpar le P. F. M. Abel des frères prêcheurs. 300 $aXL, 415 p. ;$c25 cm. 490 0 $aÉtudes Bibliques 500 $aIn appendice : Choix de papyrus. 830 0$aÉtudes bibliques.$0(OLS)http://semarc/title/419576 850 $aSeMil 852 $aSeMil$W1$xVenegono$y1$m660 35 37 *$j98608$B98608$CSeMilBibl$Z2$F106835 $81 961 $aRecupero: Biblioteca Seminario Saronno 996 $6245$aGrammaire du grec biblique :$bsuivie d'un choix de papyrus$9(OLS)http://semarc/title/213296 LEADER 00972nam a2200253 i 4500 001 000000209394 003 CaOOAMICUS 005 20200310094417.0 008 160601s1970 it u000 u ita u 013 $a188184 040 $aSeMil$bita 240 10$aPrag und die Linke.$0(OLS)http://semarc/title/302704 245 10$aPraga e la sinistra /$cscritti di Erich Kubi ... [et al.]. 260 $aMilano :$bLonganesi,$c1970. 300 $a256 p. ;$c18 cm. 650 4$aCecoslovacchia - Storia - 1968.$0(OLS)http://semarc/subject/17200 700 1 $aKubi, Erich.$0(OLS)http://semarc/name/75049 830 0$aStudio ;$v10.$0(OLS)http://semarc/title/428695 850 $aSeMil 852 $aSeMil$W1$xVenegono$y1$m3V I 49$j159845$B159845$CSeMilBibl$Z2$F211905 $81 961 $aLascito: Calori don Carlo 996 $6245$aPraga e la sinistra$9(OLS)http://semarc/title/302703 996 $6260$aMilano :$bLonganesi$9(OLS)http://semarc/publisher/30008